Endocrinología veterinaría y reproducción / editores L. E. McDonald y M. H. Pineda; traducción Eliane Casenave Isoard; revisión técnica Oscar García Llampallas (Record no. 217125)
[ view plain ]
| 000 -CABECERA | |
|---|---|
| campo de control de longitud fija | 01114nam a2200277Ia 4500 |
| 001 - NÚMERO DE CONTROL | |
| campo de control | Z_6377 |
| 008 - DATOS DE LONGITUD FIJA--INFORMACIÓN GENERAL | |
| campo de control de longitud fija | 220601s9999 xx 000 0 und d |
| 020 ## - NÚMERO INTERNACIONAL ESTÁNDAR DEL LIBRO | |
| Número Internacional Estándar del Libro | 968-25-1641-2 |
| 082 ## - NÚMERO DE LA CLASIFICACIÓN DECIMAL DEWEY | |
| Número de clasificación | 636.0824 E53 1991 |
| 245 ## - MENCIÓN DE TÍTULO | |
| Título | Endocrinología veterinaría y reproducción / editores L. E. McDonald y M. H. Pineda; traducción Eliane Casenave Isoard; revisión técnica Oscar García Llampallas |
| 250 ## - MENCIÓN DE EDICIÓN | |
| Mención de edición | 4a ed. |
| 260 ## - PUBLICACIÓN, DISTRIBUCIÓN, ETC. | |
| Lugar de publicación, distribución, etc. | México : McGraw-Hill. Interamericana |
| 300 ## - DESCRIPCIÓN FÍSICA | |
| Extensión | xiv, 551 p. |
| 500 ## - NOTA GENERAL | |
| Nota general | Traducción de la obra en inglés: Veterinary endocrinology and reproduction 4a ed. / L. E. McDonald |
| 503 ## - NOTA DE HISTORIA BIBLIOGRÁFICA (BK CF MU) [OBSOLETO] | |
| Nota de historia bibliográfica | ej.1: 167219 |
| 504 ## - NOTA DE BIBLIOGRAFÍA, ETC. | |
| Nota de bibliografía, etc. | Incluye bibliografía |
| 650 ## - PUNTO DE ACCESO ADICIONAL DE MATERIA--TÉRMINO DE MATERIA | |
| Término de materia o nombre geográfico como elemento de entrada | 1.Reproduccion animal |
| 9 (RLIN) | 178068 |
| 650 ## - PUNTO DE ACCESO ADICIONAL DE MATERIA--TÉRMINO DE MATERIA | |
| Término de materia o nombre geográfico como elemento de entrada | Endocrinología veterinaria |
| 9 (RLIN) | 138395 |
| 650 ## - PUNTO DE ACCESO ADICIONAL DE MATERIA--TÉRMINO DE MATERIA | |
| Término de materia o nombre geográfico como elemento de entrada | Animales domésticos -- Reproducción |
| 700 ## - PUNTO DE ACCESO ADICIONAL--NOMBRE DE PERSONA | |
| Nombre de persona | McDonald, L. E., ed. \Pineda, M. H., ed. \ Casenave Isoard, Eliane, tr. \ García Llampallas, Oscar, rev.Ì |
| 9 (RLIN) | 183614 |
| 901 ## - ELEMENTOS DE DATOS A LOCAL LDA (RLIN) | |
| a | 636.0824 E53 1991 |
| 902 ## - ELEMENTOS DE DATOS B LOCAL, LDB (RLIN) | |
| a | M |
| 905 ## - ELEMENTOS DE DATOS E LOCAL, LDE (RLIN) | |
| a | 5232271991 mx amn 8221113311spa16 |
| 942 ## - ELEMENTOS DE PUNTO DE ACCESO ADICIONAL (KOHA) | |
| Tipo de ítem Koha | Libro_ |
| Estado de retiro | Estado de pérdida | Fuente del sistema de clasificación o colocación | Estado dañado | No para préstamo | Código de colección | Localización permanente | Ubicación/localización actual | Ubicación en estantería | Fecha de adquisición | Total de préstamos | Código de barras | Fecha visto por última vez | Fecha del último préstamo | Número de copia | Precio válido a partir de | Tipo de ítem Koha |
|---|---|---|---|---|---|---|---|---|---|---|---|---|---|---|---|---|
| Dewey Decimal Classification | General | Zootecnia | Zootecnia | 04/09/2013 | 1 | z_1869 | 28/01/2025 | 28/01/2025 | 1 | 02/06/2022 | Libro |
